| 000 | 00438nam a2200193Ia 4500 | ||
|---|---|---|---|
| 003 | OSt | ||
| 005 | 20230515143625.0 | ||
| 008 | 210210b1954 xxu||||| |||| 00| 0 eng d | ||
| 040 | _cAL | ||
| 041 | _aeng | ||
| 082 | _a590/183 | ||
| 100 |
_aKEWALRAMANI _9104238 |
||
| 245 | _aLaboratory manual of lobster | ||
| 260 |
_aSurat _b- _c1954 |
||
| 690 |
_aZoology _9104239 |
||
| 700 |
_aDHAGE _9104240 |
||
| 906 | _a010755 | ||
| 942 |
_2ddc _cBK |
||
| 999 |
_c138645 _d138645 |
||